Enfermería Pediátrica / (Registro nro. 18810)
[ vista simple ]
| 000 -LEADER | |
|---|---|
| fixed length control field | 01183nam a2200313 i 4500 |
| 001 - CONTROL NUMBER | |
| control field | 18810 |
| 003 - CONTROL NUMBER IDENTIFIER | |
| control field | Mx-PuUPA |
| 005 - DATE AND TIME OF LATEST TRANSACTION | |
| control field | 20250929142107.0 |
| 008 - FIXED-LENGTH DATA ELEMENTS--GENERAL INFORMATION | |
| fixed length control field | 140415s1985 mx a gr 001 0 spa d |
| 020 ## - INTERNATIONAL STANDARD BOOK NUMBER | |
| International Standard Book Number | 9686034501 |
| 040 ## - CATALOGING SOURCE | |
| Original cataloging agency | Mx-PuUPA |
| Language of cataloging | spa |
| Transcribing agency | Mx-PuUPA |
| Modifying agency | Mx-PuUPA |
| Description conventions | rda |
| 041 1# - LANGUAGE CODE | |
| Language code of text/sound track or separate title | spa |
| Language code of original | eng |
| 100 1# - MAIN ENTRY--PERSONAL NAME | |
| Personal name | Broadribb, Violet, |
| Relator term | autor |
| 240 10 - UNIFORM TITLE | |
| Uniform title | Introductory Pediatric Nursing. |
| Language of a work | Español |
| 245 10 - TITLE STATEMENT | |
| Title | Enfermería Pediátrica / |
| Statement of responsibility, etc. | Violet Broadribb ; Joan C. Jordan, consultora ; Jorge Blanco Correa, traducción |
| 250 ## - EDITION STATEMENT | |
| Edition statement | Tercera edición |
| 264 #1 - PRODUCTION, PUBLICATION, DISTRIBUTION, MANUFACTURE, AND COPYRIGHT NOTICE | |
| Place of production, publication, distribution, manufacture | México, D.F. : |
| Name of producer, publisher, distributor, manufacturer | Harla, |
| Date of production, publication, distribution, manufacture, or copyright notice | 1985 |
| 300 ## - PHYSICAL DESCRIPTION | |
| Extent | 665 páginas : |
| Other physical details | ilustraciones (blanco y negro) ; |
| Dimensions | 23 cm |
| 336 ## - CONTENT TYPE | |
| Fuente | rdacontent |
| Content type term | texto |
| Content type code | txt |
| 337 ## - MEDIA TYPE | |
| Source | rdamedia |
| Media type term | sin medio |
| Media type code | n |
| 338 ## - CARRIER TYPE | |
| Source | rdacarrier |
| Carrier type term | volumen |
| Carrier type code | nc |
| 650 #7 - SUBJECT ADDED ENTRY--TOPICAL TERM | |
| Topical term or geographic name entry element | Enfermería Pediátrica |
| Source of heading or term | armarc |
| 700 1# - ADDED ENTRY--PERSONAL NAME | |
| Personal name | Jordan, Joan C., |
| Relator term | colaborador |
| 700 1# - ADDED ENTRY--PERSONAL NAME | |
| Personal name | Blanco Correa, Jorge, |
| Relator term | traductor |
| 765 0# - ORIGINAL LANGUAGE ENTRY | |
| Main entry heading | Broadribb, Violet |
| Title | Introductory Pediatric Nursing |
| Edition | Third edition |
| Place, publisher, and date of publication | Nueva York, N.Y. : Harper & Row, ©1983 |
| International Standard Book Number | 0397543301 |
| 942 ## - ADDED ENTRY ELEMENTS (KOHA) | |
| Source of classification or shelving scheme | Dewey Decimal Classification |
| Koha item type | Libro |
| Classification part | 618.9200231 |
| Item part | B8618 |
| Withdrawn status | Lost status | Source of classification or shelving scheme | Damaged status | Not for loan | Collection code | Home library | Current library | Shelving location | Date acquired | Source of acquisition | Total Checkouts | Full call number | Barcode | Date last seen | Date last checked out | Price effective from | Koha item type |
|---|---|---|---|---|---|---|---|---|---|---|---|---|---|---|---|---|---|
| Dewey Decimal Classification | General | Biblioteca Karol Wojtyla | Biblioteca Karol Wojtyla | Sala general | 03/12/2013 | Compra | 2 | 618.9200231 B8618 1985 | 38204 | 05/01/2026 | 03/04/2019 | 03/12/2013 | Libro |